Management of technology innovation for competitive advantage
Guardat en:
| Autor principal: | |
|---|---|
| Format: | Llibre |
| Idioma: | anglès |
| Publicat: |
Ane Books
2019
|
| Etiquetes: |
Afegir etiqueta
Sense etiquetes, Sigues el primer a etiquetar aquest registre!
|
MARC
| LEADER | 00000nam a22000007a 4500 | ||
|---|---|---|---|
| 008 | 220113b ||||| |||| 00| 0 eng d | ||
| 020 | |a 9789385462764 | ||
| 100 | |a KHURANA, Vijay Kumar |a Saini, Anil K. | ||
| 245 | |a Management of technology innovation for competitive advantage |c Vijay Kumar Khurana, Anil K. Saini |g xvi,558p;ill | ||
| 260 | |b Ane Books |c 2019 |h New Delhi |i 699341 |i 699342 |l c |m Information technology- Technological innovations |m Knowledge management |m Business enterprises-Technological innovaions | ||
| 500 | |a it includes index and references | ||
| 942 | |a lcc |c BK |e Johnson |f 01/22 | ||
| 952 | |0 0 |1 0 |2 lcc |4 0 |6 HC0079 K52 |7 0 |9 4046 |a SSL |b HOL |c GJ |d 2022-01-13 |l 0 |o HC79.K52 |p 2022-0005 |r 2022-01-13 00:00:00 |t 699341 |w 2022-01-13 |y BK | ||
| 952 | |0 0 |1 0 |2 lcc |4 0 |6 HC0079 K52 |7 0 |9 4047 |a HOL |b HOL |c GJ |d 2022-01-13 |l 0 |o HC79.K52 |p 2022-0006 |r 2022-01-13 00:00:00 |t 699342 |w 2022-01-13 |y BK | ||
| 999 | |c 2032 |d 2032 | ||